[Event "Olympiad Women 2024"]
[Site "Budapest HUN"]
[Date "2024.09.21"]
[Round "10.61"]
[Board "4"]
[White "Karanja, Ether"]
[Black "Aayat Asmi"]
[Result "0-1"]
[WhiteElo "1637"]
[BlackElo "1421"]
[PlyCount "116"]
[EventDate "2024.09.11"]
[WhiteTeam "Kenya"]
[BlackTeam "Pakistan"]
[WhiteTeamCountry "KEN"]
[BlackTeamCountry "PAK"]

1. d4 Nf6 2. Bf4 c5 3. e3 Nd5 4. Bg3 Qb6 5. b3 cxd4 6. Qxd4 ({RR} 6. exd4 e6 7. c3 Nc6 8. Nf3 Be7 9. Bd3 O-O 10. O-O a6 11. a3 Nf6 12. h3 d5 13. Nbd2 Bd7 14. b4 Na7 15. a4 Rac8 16. Rc1 Qc6 17. a5 Qa4 18. Nb3 Qa3 19. Nc5 Bb5 20. Bh4 Bxd3 {1-0 Kamsky,G (2641)-Iturrizaga Bonelli,E (2617) chess.com SpeedChess Q1Sw 2023 (4)}) 6... Qxd4 7. exd4 g6 ({RR} 7... Nc6 8. c3 g6 9. Bc4 Nb6 10. Bd3 Bg7 11. Nf3 d6 12. O-O O-O 13. Nbd2 Bd7 14. Rac1 Rae8 15. Nc4 Nd5 16. Ne3 Nxe3 17. fxe3 e5 18. Bc4 Bh6 19. Rce1 Kg7 20. Bf2 f5 21. Rd1 e4 22. Nd2 {0-1 Schenaoui,N (2115)-Defromont,B (2396) Djerba Open A 2024 (1.2)}) 8. c3 $146 ({RR} 8. Nf3 Bg7 9. a3 O-O 10. c4 Nb6 11. Nc3 Nc6 12. O-O-O d6 13. Kc2 Bg4 14. c5 Bxf3 15. gxf3 Nxd4+ 16. Rxd4 Bxd4 17. cxb6 Rfc8 18. Bc4 d5 19. Nxd5 Kf8 20. Kd3 Bxb6 21. Nxb6 axb6 22. a4 Rd8+ {0-1 Fajdetic,H (2151)-Odegov,A (2298) Titled Tuesday intern op 26th Jan blitz 2021 (7)}) ({RR} 8. Bc4 Nb6 9. Bd3 Bg7 10. Nf3 Nc6 11. c3 d6 12. O-O O-O 13. Re1 e5 14. Na3 Bg4 15. Be2 f5 16. dxe5 dxe5 17. Rad1 Bxf3 18. Bxf3 e4 19. Be2 f4 20. Bh4 h6 {0-1 Fontaine,Q (2335)-Pijpers,A (2472) BEL-chT 1920 2019 (3.3)}) ({RR} 8. c4 Nf6 9. Nc3 a6 10. O-O-O d5 11. c5 Bg7 12. Nf3 Nc6 13. h3 O-O 14. Ne5 Be6 15. Nxc6 bxc6 16. f3 Nd7 17. Na4 Rfe8 18. Bc7 f6 19. h4 Bf7 20. Nb6 Ra7 21. Bg3 e5 22. Nxd7 Rxd7 {0-1 Md,I (1622)-Sreekar,J (1728) IND-ch U13 33rd 2019 (11)}) 8... Bg7 9. Nf3 d6 10. Bc4 Nf6 11. Nbd2 Bf5 12. Nh4 Bd7 13. O-O O-O 14. Rfe1 Re8 15. d5 b5 16. Be2 Nxd5 17. Bf3 Bc6 18. Bxd5 Bxd5 19. Bxd6 Bxc3 20. Rad1 Be6 21. Be5 Bxe5 22. Rxe5 a6 23. Ndf3 Nc6 24. Rc5 Rac8 25. Ng5 Nd8 26. Rxc8 Bxc8 27. Rc1 Ne6 28. Nxe6 Bxe6 29. Nf3 Rc8 30. Rxc8+ Bxc8 31. b4 Bg4 32. Ne5 Be6 33. a3 Bd5 34. Nd3 Bb7 35. Nc5 Bc8 36. f3 Kg7 37. Kf2 Kf6 38. Ke3 Ke5 39. g3 f5 40. f4+ Kd5 41. Kd3 e5 42. fxe5 Kxe5 43. Ke3 g5 44. h4 gxh4 45. gxh4 f4+ 46. Kf3 Kf5 47. Nd3 Bb7+ 48. Kf2 Kg4 49. Nc5 Bc8 50. Nd3 h5 51. Kg2 Bb7+ 52. Kf2 Kxh4 53. Nxf4 Kg4 54. Nd3 h4 55. Kg1 Kg3 56. Nc5 Bg2 57. a4 h3 58. Ne4+ Bxe4 0-1

[Event "Olympiad Women 2024"]
[Site "Budapest HUN"]
[Date "2024.09.21"]
[Round "10.62"]
[Board "1"]
[White "Spinola, Divania"]
[Black "Ghitza, Elena"]
[Result "0-1"]
[WhiteElo "1583"]
[BlackElo "1817"]
[PlyCount "110"]
[EventDate "2024.09.11"]
[WhiteTeam "Cape Verde"]
[BlackTeam "Malta"]
[BlackTeamCountry "MLT"]

1. d4 d5 2. Bf4 Nf6 3. e3 Bf5 4. c4 e6 5. Nf3 Bb4+ 6. Nbd2 O-O ({RR} 6... c5 7. cxd5 Qxd5 8. a3 Bxd2+ 9. Qxd2 Nc6 10. dxc5 Qxc5 11. b4 Qb6 12. Be2 O-O 13. O-O Rfd8 14. Qb2 Bd3 15. Rac1 Rd5 16. Bxd3 Rxd3 17. Ne5 Nxe5 18. Bxe5 Ne8 19. a4 Rd5 20. h3 Qa6 21. e4 {½-½ Carlsen,M (2847)-Mamedyarov,S (2782) Aimchess US Rapid Prelim 2021 (9)}) 7. Be2 ({RR} 7. a3 Bd6 8. Bg5 h6 9. Bxf6 Qxf6 10. Qb3 Nd7 11. cxd5 exd5 12. Qxd5 Nb6 13. Qb3 c5 14. Be2 Rfe8 15. O-O Bg4 16. dxc5 Bxc5 17. Rac1 Bd6 18. Rfd1 Rad8 19. h3 Be6 20. Qb5 Bd7 21. Qa5 Bb8 {1-0 Deac,B (2680)-Goryachkina,A (2533) Titled Tue 3rd Sep Early 2024 (2)}) 7... Nbd7 8. O-O $146 ({RR} 8. h3 dxc4 9. Bxc4 Nb6 10. Be2 Nbd5 11. Bg5 h6 12. Bh4 g5 13. Bg3 Ne4 14. Bh2 c5 15. dxc5 Qa5 16. Bd6 Rfd8 17. a3 Bxd2+ 18. Nxd2 Nxd6 19. cxd6 Rxd6 20. O-O Nxe3 21. fxe3 Qxd2 22. Rf3 Rad8 {0-1 Yagli,S (1078)-Tumer,L (1492) TUR-chT 2nd League 2017 (6.14)}) 8... c5 9. Qb3 Nb6 10. a3 Bxd2 11. Nxd2 cxd4 12. exd4 dxc4 13. Nxc4 Nfd5 14. Bd2 Qf6 15. Bc3 Nxc3 16. bxc3 Nxc4 17. Qxc4 Be4 18. f3 Rfc8 19. Qb3 Bd5 20. Qc2 Qxd4+ 21. cxd4 Rxc2 22. Bd3 Rd2 23. Rfd1 Rxd1+ 24. Rxd1 Rc8 25. Rb1 Rc3 26. Bf1 Rxa3 27. Rc1 g6 28. Rc8+ Kg7 29. Rc7 a6 30. Be2 Ra4 31. Kf2 Rxd4 32. Ke3 Ra4 33. h3 b5 34. Bd1 Ra1 35. Be2 Ra2 36. Bf1 Bc4 37. Bxc4 bxc4 38. Rxc4 Rxg2 39. Kf4 g5+ 40. Ke3 Rh2 41. Ra4 Rxh3 42. Rxa6 g4 43. Kf2 Rxf3+ 44. Kg2 h5 45. Ra4 f5 46. Ra7+ Kg6 47. Ra1 h4 48. Re1 Kf6 49. Rd1 h3+ 50. Kh2 f4 51. Rd8 Rf2+ 52. Kh1 Kg5 53. Rg8+ Kh4 54. Rh8+ Kg3 55. Rh6 Rf1# 0-1

[Event "Olympiad Women 2024"]
[Site "Budapest HUN"]
[Date "2024.09.21"]
[Round "10.62"]
[Board "3"]
[White "Almeida, Jacira Laura"]
[Black "Farrugia, Jamie"]
[Result "1/2-1/2"]
[WhiteElo "1616"]
[BlackElo "1733"]
[PlyCount "102"]
[EventDate "2024.09.11"]
[WhiteTeam "Cape Verde"]
[BlackTeam "Malta"]
[BlackTeamCountry "MLT"]

1. e4 e5 2. Nf3 Nc6 3. Bc4 Bc5 4. O-O Nf6 5. Nc3 d6 6. a3 a5 ({RR} 6... Bg4 7. Be2 O-O 8. d3 Qd7 9. Bg5 Ne8 10. Nd5 f5 11. b4 Bb6 12. Nxb6 axb6 13. exf5 Qxf5 14. Be3 Nf6 15. Nh4 Bxe2 16. Qxe2 Qg4 17. Nf3 Nd5 18. h3 Qh5 19. Bd2 Nf4 20. Bxf4 Rxf4 21. Qd1 {1-0 Gonzalez de la Nava,A (2365)-Cantora Alvarez,P Asturias-chT 1998}) 7. h3 Be6 $146 ({RR} 7... O-O 8. d3 Be6 9. Nd5 h6 10. c3 Ba7 11. b4 Bxd5 12. exd5 Ne7 13. Qb3 a4 14. Qa2 c6 15. dxc6 bxc6 16. d4 e4 17. Ne1 d5 18. Be2 Bb8 19. f4 exf3 20. Nxf3 Ne4 21. Qc2 Nf5 22. Bd3 {0-1 Antoniou,R (2036)-Da Silva,G (2066) Titled Tue 23rd Apr Early 2024 (3)}) ({RR} 7... O-O 8. d3 Be6 9. Nd5 Bxd5 10. exd5 Nd4 11. Bg5 c6 12. Nd2 b5 13. Ba2 Rc8 14. Ne4 cxd5 15. Nxf6+ Kh8 16. Nxh7 Kxh7 17. Bxd8 Rcxd8 18. Bxd5 Nf5 19. Be4 g6 20. Bxf5 gxf5 21. Qh5+ Kg7 22. Qg5+ {1-0 Kikuchi Cadilhac,M (1776)-Feller,I (1246) BRA-ch U16 Girls 2021 (1)}) 8. Ba2 O-O 9. d3 h6 10. Be3 Nd4 11. Na4 Ba7 12. Nc3 Qd7 13. Nb1 Nc6 14. Nbd2 d5 15. exd5 Nxd5 16. Bxa7 Rxa7 17. Nc4 f6 18. Re1 Kh8 19. Ne3 Nf4 20. Bxe6 Qxe6 21. Nh4 Raa8 22. Kh2 Ne7 23. g3 Qxh3+ 24. Kg1 Neg6 25. Nxg6+ Nxg6 26. Qf3 c6 27. Qf5 Qxf5 28. Nxf5 Rad8 29. Rad1 Rfe8 30. Kg2 Kg8 31. Kf3 Kf7 32. d4 Rd5 33. dxe5 Nxe5+ 34. Kg2 Red8 35. Rxd5 Rxd5 36. Re2 b5 37. b3 c5 38. f4 Nc6 39. c4 Rxf5 40. cxb5 Nb8 41. Rd2 Ke7 42. b6 c4 43. bxc4 Rc5 44. Rd4 Rc6 45. Rd5 a4 46. c5 Na6 47. b7 Rc7 48. c6 Rxc6 49. Ra5 Nb8 50. Ra8 Rc2+ 51. Kh3 Nd7 1/2-1/2

[Event "Olympiad Women 2024"]
[Site "Budapest HUN"]
[Date "2024.09.21"]
[Round "10.62"]
[Board "4"]
[White "Stagno, Milena"]
[Black "Moreno, Akiane"]
[Result "1-0"]
[WhiteElo "1664"]
[BlackElo "1547"]
[PlyCount "47"]
[EventDate "2024.09.11"]
[WhiteTeam "Malta"]
[BlackTeam "Cape Verde"]
[WhiteTeamCountry "MLT"]

1. e4 {Blatny,Pavel} e5 2. Nf3 Nc6 3. d4 exd4 4. Nxd4 d6 5. Nxc6 bxc6 6. Bd3 Nf6 7. O-O ({RR} 7. Qe2 Be7 8. O-O O-O 9. f4 Re8 10. Qf2 Bf8 11. Qh4 Nd7) 7... Be7 ({RR} 7... g6 8. Qe1 Bg7 9. e5 dxe5 10. Qxe5+ Be6 11. Bc4 Qd6 12. Qe2) 8. c4 ({RR} 8. f4 Nd7 9. Be3 O-O 10. Nd2 d5) ({RR} 8. b3 O-O 9. Bb2 Ng4 10. h3 Bf6 11. Nc3 Nh6 12. Na4 Bxb2 13. Nxb2 f5) ({RR} 8. Nd2 O-O 9. f4 Nd7) ({RR} 8. Nc3 O-O 9. f4 d5) 8... O-O 9. h3 $146 ({RR} 9. Nc3 a5 ({RR} 9... Re8 10. b3 Nd7 11. Bb2 Bf6 12. Re1 a5 13. Na4) 10. f4 Re8 11. Qc2 ({RR} 11. Qf3) 11... Bf8 12. Bd2 ({RR} 12. h3) 12... d5 ({RR} 12... Nd7 13. Rae1) 13. cxd5 ({RR} 13. h3 dxe4 14. Nxe4 Nxe4 15. Bxe4 Qd4+) 13... Bc5+ 14. Kh1 Ng4 15. Nd1 ({RR} 15. Be1 Ne3 16. Qf2) 15... Qh4 16. h3 Qg3 {0-1 Werner,B (2165)-Thorsteinsson,E Reykjavik op 1996 (3)}) ({RR} 9. Nc3 Nd7 10. Be3 Bf6 11. Qc2 g6 12. Rad1 c5 13. Be2 Bg7 14. Nd5 Bb7 15. f4 Re8 16. Bf3 Qc8 17. Bf2 a5 18. Bg4 Qd8 19. e5 Bxd5 20. Rxd5 Nb6 21. Rdd1 Qe7 22. Bf3 Rad8 23. exd6 cxd6 {½-½ Nevednichy,V (2531)-Iordachescu,V (2589) Chebanenko Memorial Net rapid 2020 (5.4)}) ({RR} 9. Nc3 Re8 10. b3 Nd7 11. Bb2 Nc5 12. Re1 Bf6 13. Qc2 a5 14. Rad1 h6 15. Bf1 Bg4 16. f3 Bd7 17. Ne2 a4 18. b4 Bxb2 19. Qxb2 a3 20. Qd2 Na4 21. Ng3 Qf6 22. Rc1 c5 23. bxc5 Nxc5 {0-1 Karwowski,K (2155)-Galperin,P (2571) Szansa Open Blitz 2023 (4)}) ({RR} 9. Nc3 Nd7 10. f4 Bf6 11. Be3 Bxc3 12. bxc3 c5 13. e5 Rb8 14. Qc2 h6 15. Rae1 Bb7 16. Bc1 Re8 17. Qf2 Kh8 18. Qg3 Qe7 19. Qh3 Kg8 20. e6 Nf8 21. f5 Qf6 22. exf7+ Qxf7 23. Rxe8 Rxe8 {½-½ Izvozchikov,A-Bronstein,D (2590) URS-chT Republics 13th final A 1975 (5)}) ({RR} 9. Nc3 Nd7 10. Be3 Ne5 11. Be2 f5 12. f4 Ng6 13. Bd3 Be6 14. Qa4 Qe8 15. Rae1 Bd7 16. Qa5 Qc8 17. g3 Rb8 18. Re2 fxe4 19. Bxe4 Bf6 20. Ref2 Re8 21. Bxg6 hxg6 22. Re1 Bg4 23. Na4 Re4 {0-1 Zaitsev,I (2190)-Antoshin,V (2440) Chigorin Memorial-13 1979 (11)}) 9... Be6 10. Qa4 Qd7 11. Rd1 c5 12. Qc2 Rfe8 13. e5 dxe5 14. Bxh7+ Nxh7 15. Rxd7 Bxd7 16. Nc3 Bd6 17. Be3 Re6 18. Ne4 Rg6 19. Kf1 Bf5 20. g4 Be6 21. Rd1 Rd8 22. Bxc5 Bc8 23. Nxd6 cxd6 24. Bxa7 1-0

[Event "Olympiad Women 2024"]
[Site "Budapest HUN"]
[Date "2024.09.21"]
[Round "10.63"]
[Board "1"]
[White "Strade, Arita"]
[Black "Alazmi, Amani"]
[Result "1-0"]
[WhiteElo "1946"]
[BlackElo "1673"]
[PlyCount "63"]
[EventDate "2024.09.11"]
[WhiteTeam "Guernsey"]
[BlackTeam "Kuwait"]
[BlackTeamCountry "KUW"]

1. e4 c5 2. Nf3 g6 3. c3 Bg7 4. d4 b6 5. dxc5 ({RR} 5. Be3 Bb7 6. Bd3 d6 7. Nbd2 Nd7 8. O-O Qc7 9. Qe2 Ngf6 10. h3 O-O 11. d5 e5 12. dxe6 fxe6 13. Ng5 Rae8 14. Ba6 d5 15. Bxb7 Qxb7 16. exd5 exd5 17. Qd3 Ne5 18. Qc2 Nh5 19. Rae1 Qd7 {0-1 Balasubramaniun,R (2408)-Rathnakaran,K (2309) Chennai WinTV op 1st 2004 (7)}) 5... bxc5 6. Bc4 ({RR} 6. Qd5 Nc6 7. Bc4 e6 8. Qxc5 Nge7 9. Bf4 O-O 10. O-O Bb7 11. Rd1 Rc8 12. Qe3 a6 13. Bd6 Na5 14. Bf1 Nc4 15. Bxc4 Rxc4 16. Nbd2 Rc6 17. Nb3 Re8 18. Be5 f6 19. Bd6 Ba8 20. Bb4 Rc4 {1-0 Alvarez Albiol,V (2222)-Del Carmen Hernandez,A (2019) ESP-ch U18 Salobrena 2021 (5)}) 6... e6 7. e5 $146 ({RR} 7. Bf4 Nc6 8. Nbd2 d5 9. exd5 exd5 10. Qa4 Nge7 11. Bb5 Bd7 12. O-O Rc8 13. Rfe1 O-O 14. Bd6 a6 15. Qxa6 Ra8 16. Bxe7 Nxe7 17. Qb7 Bxb5 18. Qxb5 Qc7 19. Qd3 Ra7 20. a3 Rb8 21. Rab1 c4 {0-1 Seibel,T-Kahler,H Mainz op 1995 (3)}) ({RR} 7. O-O Nc6 8. Bf4 Qb6 9. Na3 Nge7 10. Qe2 O-O 11. Rfd1 d5 12. exd5 exd5 13. Bxd5 Nxd5 14. Rxd5 Ba6 15. Qc2 Rac8 16. Qb3 Rfd8 17. Rad1 Be2 18. Qxb6 axb6 19. Rxd8+ Nxd8 20. Re1 Ne6 21. Rxe2 Nxf4 {½-½ Burkhardt,H (2144)-Roosen,H (2219) Hessenliga 1617 2016 (9.6)}) 7... Bb7 8. Bf4 Bxf3 9. Qxf3 Nc6 10. Qe4 Qc7 11. Bb5 Nge7 12. Na3 O-O 13. Nc4 Rab8 14. Bxc6 Nxc6 15. O-O Qd8 16. Qe3 Rc8 17. Rad1 Rc7 18. Nd6 Qb8 19. b3 Qb6 20. Rfe1 Qa5 21. Re2 Ne7 22. c4 a6 23. Red2 Nc6 24. h4 Nd4 25. h5 Rc6 26. Bg5 f6 27. exf6 Bxf6 28. Bxf6 Rxf6 29. Qe5 Rf8 30. h6 Rf7 31. Nxf7 Kxf7 32. Rxd4 1-0

[Event "Olympiad Women 2024"]
[Site "Budapest HUN"]
[Date "2024.09.21"]
[Round "10.63"]
[Board "2"]
[White "Alazemi, Aisha"]
[Black "Nevska, Gerda"]
[Result "1-0"]
[WhiteElo "1539"]
[BlackElo "1892"]
[PlyCount "35"]
[EventDate "2024.09.11"]
[WhiteTeam "Kuwait"]
[BlackTeam "Guernsey"]
[WhiteTeamCountry "KUW"]

1. e4 Nc6 2. Nf3 d5 3. exd5 Qxd5 4. Nc3 Qd6 5. d4 Bg4 ({RR} 5... Nf6 6. h3 a6 7. Bc4 e6 8. O-O Be7 9. Ne2 O-O 10. c3 b6 11. Bf4 Qd8 12. Ng3 Bb7 13. Qe2 Bd6 {½-½ Caruana,F (2835)-Dubov,D (2699) Titled Tuesday intern op 14th July blitz 2020 (10)}) 6. d5 Ne5 ({RR} 6... Bxf3 7. Qxf3 Nb4 8. Bb5+ c6 9. dxc6 Nxc2+ 10. Kf1 O-O-O 11. Qf5+ Kb8 12. Bf4 Nxa1 13. Bxd6+ Rxd6 14. cxb7 e6 15. Qb1 Nf6 16. Ke2 Nd5 17. Rd1 Rb6 18. Nxd5 Rxb5 19. Nc3 Rxb7 20. Qxa1 Be7 21. Qc1 {1-0 Froeyman,H (2252)-Diduh,I (2058) 51st Sparkassen Open A 2024 (6.31)}) 7. Bf4 $146 ({RR} 7. Be2 Nxf3+ 8. Bxf3 Bd7 9. Be3 Nf6 10. Qd4 g6 11. Ne4 Nxe4 12. Qxh8 Nf6 13. Bd4 O-O-O 14. Bxf6 exf6 15. O-O h5 16. Qh7 Qf4 17. Be2 Bd6 18. g3 Qe4 19. Rfe1 Qxd5 20. Rad1 Qf5 21. Bd3 Qg4 {½-½ Richterova,N (2210)-Repkova,E (2329) Stara Lubovna Pieniny (Women) 2017 (8)}) ({RR} 7. Nb5 Qb4+ 8. c3 Qe4+ 9. Be3 Bxf3 10. gxf3 Nxf3+ 11. Ke2 Kd8 12. Bg2 Qc4+ 13. Kxf3 Qxb5 14. Qd4 Nf6 15. c4 Qd7 16. Rhd1 g6 17. h3 Bg7 18. Qd2 Ne4 19. Qb4 b6 20. Ke2 a5 21. Qb3 Nd6 {0-1 Pacholsky,R (1878)-Krajnak,M (2290) SVK-chT2D 0607 2006 (4.2)}) ({RR} 7. Be2 Nxf3+ 8. Bxf3 Bxf3 9. Qxf3 Nf6 10. O-O O-O-O 11. Bf4 e5 12. Bg5 h6 13. Bxf6 Qxf6 14. Qe3 Kb8 15. Rfe1 Bd6 16. Nb5 a6 17. Qa7+ Kc8 18. Nxd6+ Qxd6 19. c4 f6 20. Rad1 Qb6 21. Qxb6 cxb6 {1-0 Garbett,P (2306)-Ang,A (1635) North Island-ch rapid 2012 (1)}) 7... Bxf3 8. gxf3 a6 9. Ne4 Nd3+ 10. Qxd3 Qxf4 11. Qe3 Qh6 12. O-O-O O-O-O 13. Ng5 Qf6 14. Qa7 Qxg5+ 15. Kb1 c5 16. Bxa6 bxa6 17. Qxc5+ Kd7 18. Qc6# 1-0

[Event "Olympiad Women 2024"]
[Site "Budapest HUN"]
[Date "2024.09.21"]
[Round "10.63"]
[Board "3"]
[White "Denning, Julie L"]
[Black "Nema, Rabab"]
[Result "0-1"]
[WhiteElo "1741"]
[BlackElo "1601"]
[PlyCount "76"]
[EventDate "2024.09.11"]
[WhiteTeam "Guernsey"]
[BlackTeam "Kuwait"]
[BlackTeamCountry "KUW"]

1. e4 e6 2. d4 d5 3. Bd3 Nf6 ({RR} 3... b6 4. Ne2 Ba6 5. O-O Nf6 6. Bxa6 Nxa6 7. c4 Qd7 8. e5 Ng8 9. cxd5 exd5 10. Nbc3 c6 11. f4 g6 12. f5 gxf5 13. Ng3 c5 14. Bg5 cxd4 15. Nxd5 Qxd5 16. Qa4+ Qd7 17. Qxa6 Bh6 18. Nxf5 {1-0 Dinev,D (2312)-Popov,V (2389) FRM-ch 17th Struga 2008 (8)}) 4. Qf3 ({RR} 4. e5 Ng8 5. f4 Ne7 6. Nf3 h5 7. O-O g6 8. Nc3 Qd7 9. Ne2 b6 10. b3 Ba6 11. c4 dxc4 12. bxc4 Nf5 13. Bb2 Ne3 14. Qc1 Nxf1 15. Kxf1 Nc6 16. Ba3 O-O-O 17. Kf2 Kb8 18. Rb1 Bh6 {0-1 Martinez,S (1921)-Topalov,A (2233) Titled Tue 20th Aug Early 2024 (11)}) 4... dxe4 $146 ({RR} 4... Nc6 5. c3 e5 6. Bg5 Bg4 7. Qe3 h6 8. Bxf6 gxf6 9. f3 exd4 10. Qe2 Be6 11. exd5 Qxd5 12. Be4 Qd6 13. Qb5 f5 14. Qxb7 Rc8 15. Bxc6+ Bd7 16. Qxc8+ Ke7 17. Bxd7 Qxd7 18. Qxd7+ Kxd7 19. cxd4 {1-0 Popov,D-Vinter,A Senta-ch 2015 (3)}) 5. Bxe4 Nxe4 6. Qxe4 Qd5 7. f3 c5 8. Be3 cxd4 9. Qxd4 Qxd4 10. Bxd4 Nc6 11. Bc3 Nb4 12. Bxb4 Bxb4+ 13. c3 Be7 14. Ne2 Bd7 15. Nd2 Rd8 16. O-O-O O-O 17. f4 Bc6 18. Nf3 Bc5 19. Rxd8 Rxd8 20. Rd1 Be3+ 21. Nd2 Bxg2 22. Kc2 Rxd2+ 23. Rxd2 Bxd2 24. Kxd2 f6 25. b4 e5 26. fxe5 fxe5 27. c4 Bf1 28. c5 Bxe2 29. Kxe2 Kf7 30. a4 Ke6 31. Kd3 Kd5 32. Kc3 g5 33. Kd3 h5 34. a5 g4 35. b5 Kxc5 36. b6 axb6 37. axb6 Kd5 38. Ke3 e4 0-1

[Event "Olympiad Women 2024"]
[Site "Budapest HUN"]
[Date "2024.09.21"]
[Round "10.64"]
[Board "2"]
[White "Besrat Mesgena Yoseph"]
[Black "Chemaou lilya"]
[Result "0-1"]
[WhiteElo "1557"]
[BlackElo "1565"]
[PlyCount "66"]
[EventDate "2024.09.11"]
[WhiteTeam "Eritrea"]
[BlackTeam "Morocco"]
[WhiteTeamCountry "ERI"]
[BlackTeamCountry "MAR"]

1. e4 {Schulz,Andre} c5 2. Nc3 d6 3. Nf3 Nf6 4. Be2 g6 5. O-O Bg7 6. d4 cxd4 7. Nxd4 O-O 8. h3 Nc6 9. Be3 Bd7 ({RR} 9... d5 10. exd5 ({RR} 10. Nxc6 bxc6 11. e5 Ne8 12. f4 f6) 10... Nb4) 10. a3 ({RR} 10. Re1 Rc8 11. Qd2 Re8 12. Rad1 a6 13. Bf1 b5 14. a3 Qc7 15. Nf3 Ne5 16. Nxe5 dxe5 17. Bg5 Bc6 18. Qe3 e6 19. Rd2 Qb7 20. f3 Nd7 21. Red1 Bf8 22. b4 Qc7 23. Qf2 h6 24. Be3 Nf6 {½-½ Handoko,E (2475)-Juswanto,D (2405) Jakarta 1996}) ({RR} 10. Qd2 Qc8 11. f4 Rd8 12. Bf3 Kh8 13. Qf2 Ng8 14. Rad1 Be8 15. Rd2 Na5 16. Be2 Nc4 17. Bxc4 Qxc4 18. Rfd1 b5) 10... Rc8 11. Nd5 ({RR} 11. Kh1 Na5 12. Re1 Rxc3 13. bxc3 Nxe4 14. Bf3 Nc5 15. Ne2 Qc7 16. Nf4 e6 17. Bd4 Nc6 18. Rb1 b6 19. Bxg7 Kxg7 20. Nd3 Na4 21. Bxc6 Nxc3 22. Qg4 Bxc6 23. Rb3 Nd5 24. Nb4 Bb7 25. Nxd5 Bxd5 {½-½ Sree Rama Anjani Kumar K (1184)-Ramakrishna,J (2061) 1st Bishan Singh Ji Mem 2023 (1.11)}) 11... Nxd5 $146 ({RR} 11... Nxe4 12. Nxc6 bxc6 13. Nc3 Nxc3 14. bxc3 Bxc3 15. Bxa7 Bxa1 16. Qxa1 Qa5 17. Be3 Qe5 18. Qc1 Ra8 19. g4 Ra4 20. f3 Qg3+ 21. Kh1 Qxh3+ 22. Kg1 Rfa8 23. Rf2 Rxa3 24. Bf1 Qg3+ 25. Kh1 Bxg4 26. Bf4 {0-1 Pedersen,C (2118)-Muller,K (1884) EU Corporate-ch rapid 2022 (8)}) 12. exd5 Nxd4 13. Bxd4 Bxd4 14. Qxd4 Rxc2 15. Bd1 Rc7 16. Qxa7 Rc5 17. Qxb7 Rb5 18. Qa7 Rxb2 19. Re1 e6 20. Rb1 Rxb1 21. dxe6 Bxe6 22. Qe3 Qb6 23. Qg3 Bb3 24. Qd3 Rxd1 25. Rxd1 Bxd1 26. Qxd1 Rb8 27. Qf3 Qb3 28. Qxb3 Rxb3 29. Kh2 Rxa3 30. f3 d5 31. Kg3 d4 32. Kf2 Re3 33. g4 Re8 0-1

[Event "Olympiad Women 2024"]
[Site "Budapest HUN"]
[Date "2024.09.21"]
[Round "10.64"]
[Board "3"]
[White "El Harrak, Maryam"]
[Black "Elshalom Essayas Berhane"]
[Result "0-1"]
[WhiteElo "1639"]
[BlackElo "1659"]
[PlyCount "69"]
[EventDate "2024.09.11"]
[WhiteTeam "Morocco"]
[BlackTeam "Eritrea"]
[WhiteTeamCountry "MAR"]
[BlackTeamCountry "ERI"]

1. d4 Nf6 2. c4 e6 3. g3 d5 4. Bg2 c5 5. cxd5 exd5 6. dxc5 Bxc5 7. Nf3 Nc6 8. O-O O-O ({RR} 8... h6 9. e3 O-O 10. Nc3 Bg4 11. h3 Be6 12. a3 a6 13. b4 Bb6 14. Ne2 Qd7 15. Bb2 Ne4 16. h4 Rad8 17. Rc1 Bg4 18. Qd3 Qf5 19. Ned4 Nxd4 20. Nxd4 Qg6 21. a4 Be6 22. Nxe6 Qxe6 23. a5 {1-0 Norovsambuu,E (1626)-Fu,A (1528) Canadian Women Zonal 2024 (6.18)}) 9. Bg5 $146 ({RR} 9. Nc3 Be6 10. Bg5 h6 11. Bxf6 Qxf6 12. Nxd5 Bxd5 13. Qxd5 Bb6 14. b3 Rad8 15. Qc4 Rfe8 16. e3 Rd6 17. Rfd1 Red8 18. Re1 R6d7 19. Rac1 Ne5 20. Nxe5 Qxe5 21. Bf3 Qf6 22. Kg2 g5 23. Red1 Rd2 {1-0 Frenkel,B (2129)-Pinto,A (1742) FIDE World Uni Blitz-D 1st 2021 (8.37)}) 9... Be6 10. e3 h6 11. Bxf6 Qxf6 12. Nc3 Rad8 13. Rc1 Bb4 14. Qe2 Bxc3 15. Rxc3 Bg4 16. Rd1 Ne5 17. h3 Bxf3 18. Bxf3 Nxf3+ 19. Kg2 Ng5 20. Rcd3 Qe6 21. g4 Rfe8 22. h4 Ne4 23. Kg1 Nf6 24. Rd4 Qb6 25. g5 hxg5 26. hxg5 Ne4 27. Rxd5 Rxd5 28. Rxd5 Qe6 29. Rd4 Nxg5 30. Rh4 Qf5 31. Kg2 Re6 32. Qd1 Qf6 33. Qc2 Rc6 34. Qd2 Nf3 35. Qd3 0-1

[Event "Olympiad Women 2024"]
[Site "Budapest HUN"]
[Date "2024.09.21"]
[Round "10.65"]
[Board "2"]
[White "Wahid, Chelsea"]
[Black "Thomas, Nelissa"]
[Result "1-0"]
[WhiteElo "1482"]
[BlackElo "1631"]
[PlyCount "83"]
[EventDate "2024.09.11"]
[WhiteTeam "Saint Lucia"]
[BlackTeam "Bahamas"]
[BlackTeamCountry "BAH"]

1. d4 d5 2. c4 e6 3. Nc3 f5 4. Nf3 Nf6 5. e3 c6 6. Bd3 Ne4 7. O-O Bd6 8. Ne5 O-O 9. f3 Nxc3 10. bxc3 Nd7 11. f4 ({RR} 11. Nxd7 Bxd7 12. cxd5 exd5 13. c4 dxc4 14. Bxc4+ Kh8 15. Qe1 Qf6 16. Bb2 Rae8 17. Qf2 Qh6 18. f4 Be6 19. Bd3 Bd5 20. a4 Qe6 21. Rfe1 Bb4 22. Re2 Rf6 23. Ba3 Bxa3 24. Rxa3 Rg6 25. g3 Qd6 {0-1 Sarkar,J (2272)-Skatchkov,V (2213) Titled Tue 9th Jan Late 2024 (1)}) 11... Qe8 $146 ({RR} 11... Nf6 12. Qb3 Qe7 13. a4 Kh8 14. Ba3 c5 15. a5 Rb8 16. Rfe1 Qc7 17. Bxc5 Bxc5 18. dxc5 Qxc5 19. Qb4 b6 20. Nc6 Rb7 21. axb6 Qxb4 22. Nxb4 axb6 23. Ra8 g6 24. Rb1 Kg7 25. Nc6 Ng4 26. c5 {1-0 Kaldor,A-Bernstein,D ISR-ch 7374 18th 1974 (12)}) ({RR} 11... Nf6 12. a4 c5 13. Ba3 b6 14. cxd5 exd5 15. a5 Be6 16. axb6 axb6 17. Qc2 Ne4 18. Bxe4 dxe4 19. c4 cxd4 20. Bxd6 Qxd6 21. Rxa8 Rxa8 22. exd4 Qxd4+ 23. Kh1 Ra1 24. Qe2 e3 25. h3 Rxf1+ 26. Qxf1 {½-½ Santos Flores,A (2164)-He,S (2156) Titled Tue 15th Nov Late 2022 (10)}) ({RR} 11... Nxe5 12. fxe5 Be7 13. c5 b6 14. cxb6 axb6 15. a4 Ba6 16. Bxa6 Rxa6 17. Ba3 Bxa3 18. Rxa3 Qd7 19. Qb3 Rfa8 20. Rfa1 h6 21. c4 Kh7 22. cxd5 cxd5 23. Qb4 Qd8 24. h3 Ra5 25. Rb1 b5 26. Rba1 {0-1 Cervantes Landeiro,T (2303)-Baskakov,E (2215) Titled Tue 8th Aug Early 2023 (1)}) 12. c5 Be7 13. c4 Rf6 14. Bd2 Rh6 15. Rb1 Nxe5 16. fxe5 Rg6 17. Be2 Rh6 18. Rf3 g5 19. Rg3 Qg6 20. Qf1 g4 21. e4 Bh4 22. Bxh6 Bxg3 23. hxg3 Qxh6 24. exf5 exf5 25. Qf4 Qxf4 26. gxf4 Rb8 27. cxd5 cxd5 28. a4 Bd7 29. a5 Bc6 30. a6 b5 31. cxb6 Rxb6 32. Rxb6 axb6 33. a7 Kf7 34. Bb5 Bb7 35. Bd7 Ke7 36. Bxf5 h5 37. g3 b5 38. Bg6 b4 39. Bxh5 b3 40. Bxg4 b2 41. Bf5 Bc8 42. a8=Q 1-0